Aby nám neunikala cez prsty
Problematika plytvania z vodou v Európe. Ďalších 15 chemikálií v zozname znečisťujúcich látok. Stop ďalším škodlivinám. Budúcnosť malých vodných elektrární na Slovensku. Geotermálna energia a jej využitie v Galante. Vodné elektrárne na Slovensku.
Saved in:
| Main Author: | |
|---|---|
| Format: | Book Chapter |
| Language: | Slovak |
| Subjects: | |
| Tags: |
No Tags, Be the first to tag this record!
|
MARC
| LEADER | 00000naa a2200000 4500 | ||
|---|---|---|---|
| 001 | 0150873 | ||
| 005 | 20231011123056.1 | ||
| 041 | 0 | |a slo | |
| 044 | |a SK | ||
| 245 | 1 | 0 | |a Aby nám neunikala cez prsty |c Marián Hudec |
| 520 | |a Problematika plytvania z vodou v Európe. Ďalších 15 chemikálií v zozname znečisťujúcich látok. Stop ďalším škodlivinám. Budúcnosť malých vodných elektrární na Slovensku. Geotermálna energia a jej využitie v Galante. Vodné elektrárne na Slovensku. | ||
| 610 | 2 | 0 | |a voda |
| 610 | 2 | 0 | |a elektrárne vodné malé |
| 610 | 2 | 0 | |a energia geotermálna |
| 610 | 2 | 0 | |a znečistenie vôd |
| 610 | 2 | 0 | |a Slovensko |
| 610 | 2 | 0 | |a Európa |
| 100 | 1 | |a Hudec, Marián | |